Normal view
MARC view
- Pal, S K
Entry Personal Name
001 - CONTROL NUMBER
- control field: 4031
003 - CONTROL NUMBER IDENTIFIER
- control field: OSt
005 - DATE AND TIME OF LATEST TRANSACTION
- control field: 20190515131322.0
008 - FIXED-LENGTH DATA ELEMENTS
- fixed length control field: 190515|| aca||aabn | a|a d
040 ## - CATALOGING SOURCE
- Original cataloging agency: OSt
- Transcribing agency: OSt
100 ## - HEADING--PERSONAL NAME
- Personal name: Pal, S K
670 ## - SOURCE DATA FOUND
- Source citation: Work cat.: (OSt): Pal, S K, Soil Sampling and Methods of Analysis, 2013
